Energy statistics of OECD countries 2000-2001
Na minha lista:
| Autor Corporativo: | |
|---|---|
| Formato: | Livro |
| Idioma: | inglês francês |
| Publicado em: |
Paris
OECD/IEA
2003
|
| Colecção: | IEA statistics
|
| Assuntos: | |
| Tags: |
Sem tags, seja o primeiro a adicionar uma tag!
|
MARC
| LEADER | 00000nam a2200000 4500 | ||
|---|---|---|---|
| 001 | 0011880 | ||
| 005 | 20240104115312.8 | ||
| 020 | |a 92-64-10111-X | ||
| 041 | 0 | |a eng | |
| 041 | 0 | |a fre | |
| 044 | |a FR | ||
| 245 | 1 | 0 | |a Energy statistics of OECD countries 2000-2001 |
| 264 | 1 | |a Paris |b OECD/IEA |c 2003 | |
| 300 | |a x, I.81, II.301 | ||
| 490 | 1 | |a IEA statistics | |
| 830 | 0 | |a IEA statistics | |
| 610 | 2 | 0 | |a údaje štatistické |
| 610 | 2 | 0 | |a údaje štatistické medzinárodné |
| 610 | 2 | 0 | |a energia |
| 610 | 2 | 0 | |a energetika |
| 610 | 2 | 0 | |a porovnanie štatistické medzinárodné |
| 710 | 2 | |a OECD. International Energy Agency | |